000 00314nam a22001457a 4500
008 211019b ||||| |||| 00| 0 eng d
020 _a2900132299397
041 _aeng
080 _22nd
_a339.138
082 _a339.138
100 _a61
101 _aMAR
245 _aBrand You
_cSolomon,M.R
942 _2udc
_cBK
999 _c58260
_d58260